000 00762nam a2200229 a 4500
001 52189
003 BD-RjUL
005 20211209075751.0
008 160906s1984 bg ||||| |||| 00| 0 eng d
035 _a(BD-RjUL)52309
040 _aBD-RjUL
_beng
_cBD-RjUL
_dBD-RjUL
041 _aeng
082 _223
_a338.1095492
_bWEA 1984
100 _aWennergren, E. Boyd
_9156107
245 1 0 _aAgricultural development in Bangladesh /
_cE Boyd Wennergren, Charles H Antholt and Morris D Whitaker
260 _aBoulder, Colo. :
_bWestview Press,
_c1984.
300 _axxi, 373 p. :
_bill. ;
_c18/25 cm
650 _aAgriculture
_vEconomic aspects
_z Bangladesh.
_9138415
700 _aAntholt, Charles H.
_9156108
700 _aWhitaker, Morris D.
_9156109
942 _2ddc
_cBK
999 _c52189
_d52189